00420nam a2200097Ia 4500008004100000100001500041245009100056245001500147650001300162856014700175170221s9999 xx 000 0 und d aKashif Beg aDeterminants of Financial Self Sufficiency of Andhra Pradesh Microfinance Institutions cKashif Beg xBusiness uhttp://www.omicsgroup.org/journals/determinants-of-financial-self-sufficiency-of-andhra-pradeshmicrofinance-institutions-2167-0234-1000209.pdf